Die sozialen Ursachen des ungarischen Bergarbeiteraufstandes von 1525/26

Bibliographic Details
Main Author: Probszt, Günther (Author)
Format: Book
Language:German
PhysicalDescription:S. 402-432 24 cm
Published: [S.l. s.n.] 1961
Subjects:

MARC

LEADER 00000nam a2200000 a 4500
001 vtls001304373
003 SK-MaSNL
005 20260301155658.0
008 251124s1961 DE a 0 ger
020 |c b.c. 
035 |a SNK000256568 
040 |a SNK  |b slo  |c SNK  |e AACR2 
044 |a DE 
080 |a 323.269.6:622(439)"1525/1526"  |2 1981 
100 1 |a Probszt, Günther  |4 aut  |9 520215 
245 1 4 |a Die sozialen Ursachen des ungarischen Bergarbeiteraufstandes von 1525/26  |c Günther Probszt 
260 |a [S.l.  |b s.n.]  |c 1961 
300 |a S. 402-432  |c 24 cm 
500 |a Odtlačok z: Zeitschrift für Ostforschung. 10. Jahr. 1961, Heft 3 
650 0 7 |a povstania  |2 SNK  |9 30699 
999 |c 802213  |d 804143 
952 |t P60, <03>, [BOOK], {603}  |a SNK  |b SNK  |y PREZ  |7 0  |p 17A0100043  |o snkOSC 19320  |i snkD 1122/97  |0 0  |1 0  |4 0  |d 1997-09-30  |l 0  |r 2005-01-02 00:00:00  |w 2026-02-24